00759naa a2200181 a 450000100080000000500110000800800410001910000240006024500350008426000090011952002480012865000230037665000230039965000170042265000220043965000210046177300950048211335422023-09-01 2022 bl uuuu u00u1 u #d1 aGOULART J??NIOR, R. aBanana.h[electronic resource] c2022 aAvalia????o anual do desempenho da cadeia produtiva da bananicultura 2021/22. An??lise do mercado mundial, nacional e estadual, evolu????o da safra e dos pre??os ao produtor e no atacado, volume e valores do com??rcio externo da bananicultura. aCom??rcio exterior aEconomia agr??cola aFruticultura aMercado agr??cola aPre??o agr??cola tS??ntese Anual da Agricultura em Santa Catarina 2020-2021, Florian??polis, p. 31-41, 2022.